[Event "World op 20th"]
[Site "Philadelphia"]
[Date "1992.??.??"]
[Round "7"]
[White "Lagua, Bende"]
[Black "Ashley, Maurice"]
[Result "1/2-1/2"]
[WhiteElo "2270"]
[BlackElo "2370"]
[PlyCount "154"]
[EventDate "1992.06.??"]
[EventType "swiss"]
[EventRounds "9"]
[EventCountry "USA"]
[SourceTitle "TD"]
[Source "ChessBase"]
[SourceDate "1994.03.01"]
[SourceVersion "1"]
[SourceVersionDate "1994.03.01"]
[SourceQuality "1"]

1. e4 c5 2. Nf3 d6 3. c3 Nf6 4. Be2 g6 5. 0-0 Bg7 6. Bb5+ Nfd7 7. Re1 a6 8. Bf1 0-0 9. d4 b6 10. Bd3 Ra7 11. Bg5 Rc7 12. d5 Nf6 13. h3 e6 14. c4 h6 15. Bd2 e5 16. Qc1 Nh5 17. Nc3 Kh7 18. g4 Nf4 19. Bxf4 exf4 20. Qxf4 Nd7 21. Qg3 Re8 22. Re2 Ne5 23. Nxe5 dxe5 24. Rb1 Qd6 25. a3 Bd7 26. b3 Bf6 27. Reb2 Be7 28. Kh1 Rcc8 29. Ne2 Qf6 30. Kg1 Bd6 31. Nc1 Qe7 32. Kh1 h5 33. f3 hxg4 34. fxg4 Kg7 35. Rh2 Rh8 36. Ne2 Rh7 37. Ng1 Rch8 38. Nf3 Kf8 39. Rf1 Ke8 40. h4 f6 41. Kg1 Kd8 42. Kf2 Kc7 43. Ke2 f5 44. gxf5 gxf5 45. Rg1 b5 46. Kd2 bxc4 47. bxc4 Rb8 48. Kc3 Ba4 49. Rb1 Rxb1 50. Bxb1 Rg7 51. Ng5 Kb8 52. Rb2+ Ka7 53. Bc2 f4 54. Qg4 Bd7 55. Qf3 Rg8 56. Kd2 Bc7 57. Bd1 Rh8 58. Qb3 Rb8 59. Qa2 Rh8 60. Qb3 Bc8 61. Kc1 Rxh4 62. Ne6 Qd6 63. Kb1 Rh1 64. Ka2 Re1 65. Bg4 Re3 66. Qa4 Bd7 67. Qd1 Ba5 68. Qb1 Re1 69. Qc2 Rg1 70. Qb3 Bb6 71. Nd8 Rg3 72. Nc6+ Qxc6 73. dxc6 Rxb3 74. cxd7 Rd3 75. Rh2 f3 76. Rf2 Bd8 77. Rxf3 Rxf3 1/2-1/2

[Event "Fishbecks"]
[Site "Pasadena"]
[Date "1992.??.??"]
[Round "?"]
[White "Lagua, Bende"]
[Black "Duckworth, William Mark"]
[Result "1/2-1/2"]
[WhiteElo "2270"]
[BlackElo "2295"]
[PlyCount "69"]
[EventDate "1992.??.??"]
[EventType "tourn"]
[EventRounds "11"]
[EventCountry "USA"]
[SourceTitle "EXT 1999"]
[Source "ChessBase"]
[SourceDate "1998.11.16"]
[SourceVersion "1"]
[SourceVersionDate "1998.11.16"]
[SourceQuality "1"]

1. d4 Nf6 2. c4 c5 3. d5 b5 4. a4 b4 5. Nd2 e5 6. e4 d6 7. Bd3 Be7 8. h3 h5 9. b3 h4 10. Ne2 Nh5 11. Nf3 Nd7 12. Be3 Bf6 13. Ra2 Nf8 14. g4 hxg3 15. fxg3 g5 16. Nfg1 Ng6 17. Kd2 Qe7 18. Kc2 Bd7 19. Kb1 g4 20. h4 0-0-0 21. Rh2 Bg7 22. Qe1 Rde8 23. Rf2 Ref8 24. Rf1 Kc7 25. Nc1 Qe8 26. Rg2 Ne7 27. Bc2 f5 28. Nd3 a5 29. Rd2 f4 30. Bxc5 dxc5 31. Qf2 Kb7 32. Qxc5 Nxg3 33. Qxa5 Nxe4 34. Qxb4+ Ka8 35. Qa5+ 1/2-1/2

[Event "Fishbecks"]
[Site "Pasadena"]
[Date "1992.??.??"]
[Round "?"]
[White "Lagua, Bende"]
[Black "Ramayrat, Cris"]
[Result "0-1"]
[WhiteElo "2270"]
[BlackElo "2320"]
[PlyCount "84"]
[EventDate "1992.??.??"]
[EventType "tourn"]
[EventRounds "11"]
[EventCountry "USA"]
[SourceTitle "EXT 1999"]
[Source "ChessBase"]
[SourceDate "1998.11.16"]
[SourceVersion "1"]
[SourceVersionDate "1998.11.16"]
[SourceQuality "1"]

1. Nf3 g6 2. d4 Nf6 3. c4 Bg7 4. Nc3 d6 5. e4 0-0 6. Be2 e5 7. 0-0 c6 8. Re1 Nbd7 9. Bf1 Re8 10. d5 c5 11. Rb1 Rf8 12. a3 Ne8 13. b4 b6 14. Rb3 Nc7 15. Re2 f5 16. Ne1 f4 17. Na4 g5 18. bxc5 bxc5 19. f3 h5 20. Reb2 Nf6 21. Nc3 g4 22. Rb8 Rxb8 23. Rxb8 Nh7 24. Bd2 Qh4 25. Qe2 Ng5 26. Nd3 Bd7 27. Rxf8+ Bxf8 28. a4 Ne8 29. a5 Nf6 30. Nb5 g3 31. h3 Ng4 32. a6 Nh2 33. Ne1 Bc8 34. Nxa7 Bxa6 35. Nb5 Bc8 36. Bc3 Ng4 37. Bd2 Nf2 38. Nd3 Ngxh3+ 39. gxh3 Nxh3+ 40. Bxh3 Bxh3 41. Ne1 Bf1 42. Ng2 Qh2+ 0-1